000 00458nam a2200181Ia 4500
001 9230
005 20260306160708.0
008 260306t2004||||xx |||||||||||||| ||spa||
041 _aESP
082 _a378
_bD48
100 _aDelgado de la Flor Badaracco, Francisco
_eAUT
245 0 _aInforme sobre educación superior universitaria
260 _c2004
300 _a98 páginas :
_c24 cm.
650 _aGEN
654 _aCED
942 _cLIB
_dJUS
_fJUS
_2ddc
_n
999 _c9230
_d9230